| 000 | 02430Pam a2200433 i 4500 | ||
|---|---|---|---|
| 001 | 2024041617 | ||
| 003 | DLC | ||
| 005 | 20260210114843.0 | ||
| 008 | 241126s2025 nyuab b 001 0 eng | ||
| 010 | _a 2024041617 | ||
| 020 |
_a9780593831250 _q(hardcover) |
||
| 020 | _a059383125X | ||
| 020 |
_z9780593831267 _q(ebook) |
||
| 035 | _a(OCoLC)1487666159 | ||
| 040 |
_aDLC _beng _erda _cDLC _dDLC _dTnLvILS |
||
| 042 | _apcc | ||
| 043 |
_an-us--- _acl----- |
||
| 050 | 0 | 0 |
_aE18 _b.G74 2025 |
| 082 | 0 | 0 |
_a970 Grandin _223/eng/20250122 |
| 092 |
_a970 _b970 Grandin, Greg |
||
| 100 | 1 |
_aGrandin, Greg, _d1962- _eauthor. _95701111 |
|
| 245 | 1 | 0 |
_aAmerica, América : _ba new history of the New World / _cGreg Grandin. |
| 264 | 1 |
_aNew York : _bPenguin Press, _c2025. |
|
| 300 |
_axxv, 737 pages : _billustrations, maps ; _c25 cm |
||
| 336 | _atext | ||
| 337 | _aunmediated | ||
| 338 | _avolume | ||
| 504 | _aIncludes bibliographical references and index. | ||
| 520 | _a"This ... original reinterpretation of the New World ... reveals how North and South emerged from a constant, turbulent engagement with each other. [The book] traverses half a millennium, from the Spanish Conquest--the greatest mortality event in human history--through the eighteenth-century wars for independence, the Monroe Doctrine, the coups and revolutions of the twentieth century, and beyond. Grandin shows, among other things, how royalist Spanish America, by sending troops and supplies, helped save the republican American Revolution; how in response to U.S. interventions, Latin Americans remade the rules, leading directly to the founding of the United Nations; and how the Good Neighbor Policy allowed FDR to assume the moral authority to lead the fight against world fascism"-- | ||
| 651 | 0 |
_aAmerica _xHistory. _979128 |
|
| 651 | 0 |
_aSpain _xColonies _zAmerica _xHistory. _96506087 |
|
| 651 | 0 |
_aGreat Britain _xColonies _zAmerica _xHistory. _96506086 |
|
| 651 | 0 |
_aLatin America _xHistory _yWars of Independence, 1806-1830. _96543115 |
|
| 651 | 0 |
_aUnited States _xHistory _yRevolution, 1775-1783. _993162 |
|
| 651 | 0 |
_aUnited States _xRelations _zLatin America. _96543116 |
|
| 651 | 0 |
_aLatin America _xRelations _zUnited States. _96543117 |
|
| 776 | 0 | 8 |
_iOnline version: _aGrandin, Greg, 1962- _tAmerica, América _dNew York : Penguin Press, 2025 _z9780593831267 _w(DLC) 2024041618 |
| 942 |
_2ddc _cBOOK |
||
| 999 |
_c406977 _d406977 |
||